Normal view
MARC view
- STEEL METALLURGY STEEL ALLOYS METALLURGY
Entry Topical Term
001 - CONTROL NUMBER
- control field: 66850
003 - CONTROL NUMBER IDENTIFIER
- control field: NUST
005 - DATE AND TIME OF LATEST TRANSACTION
- control field: 20210628203703.0
008 - FIXED-LENGTH DATA ELEMENTS
- fixed length control field: 210628|| aca||aabn | a|a d
040 ## - CATALOGING SOURCE
- Original cataloging agency: NUST
- Transcribing agency: NUST
150 ## - HEADING--TOPICAL TERM
- Topical term or geographic name entry element: STEEL METALLURGY STEEL ALLOYS METALLURGY
670 ## - SOURCE DATA FOUND
- Source citation: Work cat.: (NUST): Llewwllyn, D. T 66849, Steel , metallurgy and applications, 1992
